000 01255nac a22003011u 4500
010 _a 2006033798
020 _a0071479430 (alk. paper)
020 _a9780071479431 (alk. paper)
035 _a(OCoLC)ocm72799364
082 0 0 _a658.4013
_bGUP
090 _c8407
_d8407
100 _aGupta, Praveen,
245 1 0 _aSix Sigma Business scorecard /
_cPraveen Gupta.
250 _a2nd ed.
260 _aNew York :
_bMcGraw-Hill,2007.
_cc2007.
300 _axviii, 310 p. :
_bill. ;
_c24 cm.
500 _aIncludes index.
500 _aDistributer: Al-Ahram
511 _aCatalogued by: Sara
650 0 _aSix sigma (Quality control standard)
650 0 _aQuality control
_xStatistical methods.
650 0 _aProduction management
_xStatistical methods.
856 4 1 _3Table of contents only
_uhttp://www.loc.gov/catdir/toc/ecip072/2006033798.html
856 4 1 _3Contributor biographical information
_uhttp://www.loc.gov/catdir/enhancements/fy0701/2006033798-b.html
856 4 1 _3Publisher description
_uhttp://www.loc.gov/catdir/enhancements/fy0701/2006033798-d.html
942 _cBB
_k658.4013GUP
999 _c8407
_d8407